000 00959cam a22002773a 4500
001 2157
003 PGUSA
005 20140828083011.0
008 000401s2000||||xxu|||||s|||||000 | eng d
040 _aPGUSA
_beng
042 _adc
050 4 _aJK
100 1 _aCooper, Susan Fenimore,
_d1813-1894
245 1 0 _aFemale Suffrage :
_bA Letter to the Christian Women of America
_h[electronic resource] /
_cSusan Fenimore Cooper
260 _bProject Gutenberg,
_c2000
506 _aPublic domain in the USA.
516 _aElectronic text
653 _aWomen -- Suffrage -- United States -- History -- 19th century -- Sources
653 _aWomen -- United States -- History
653 _aWomen's rights -- United States
653 _aWomen -- Suffrage -- United States -- History -- 19th century
653 _aChristian women -- Conduct of life
830 0 _aProject Gutenberg
_v2157
856 4 0 _uhttp://www.gutenberg.org/ebooks/2157
942 _cEB
999 _c231495
_d231495